Palabra de escándalo /
Сохранить в:
| Другие авторы: | |
|---|---|
| Формат: | Неизвестно |
| Язык: | Spanish |
| Опубликовано: |
Barcelona, España:
Tusquets,
1974
|
| Предметы: | |
| Метки: |
Добавить метку
Нет меток, Требуется 1-ая метка записи!
|
MARC
| LEADER | 000000000a22000000004500 | ||
|---|---|---|---|
| 001 | 001165 | ||
| 008 | 170623s1974 sp ||||| |||| 00| 0 spa d | ||
| 020 | |a 8472239020 | ||
| 041 | 0 | |a español | |
| 082 | |a 860.8 |b P153p | ||
| 245 | 1 | 0 | |a Palabra de escándalo / |c Julio Ortega, editor |
| 260 | |a Barcelona, España: |b Tusquets, |c 1974 | ||
| 300 | |a 456 páginas | ||
| 500 | |a Número de inscripción 13009 | ||
| 650 | 4 | |a LITERATURA ESPAÑOLA | |
| 650 | 4 | |a LITERATURA MODERNA | |
| 650 | 4 | |a LITERATURA HISPANOAMERICANA | |
| 700 | 1 | 2 | |a Ortega, Julio, |d 1942- , |e editor |
| 942 | |2 ddc |c BK | ||
| 999 | |c 2248 |d 2248 | ||



